| 000 -LEADER |
| fixed length control field |
00524nam a2200205Ia 4500 |
| 001 - CONTROL NUMBER |
| control field |
7074 |
| 003 - CONTROL NUMBER IDENTIFIER |
| control field |
GE_BSU |
| 008 - FIXED-LENGTH DATA ELEMENTS--GENERAL INFORMATION |
| fixed length control field |
181216s||||||||xx |||||||||||||| ||und|| |
| 040 ## - CATALOGING SOURCE |
| Transcribing agency |
GE_BSU |
| 080 ## - UNIVERSAL DECIMAL CLASSIFICATION NUMBER |
| Universal Decimal Classification number |
519.85(075.3) |
| 100 ## - MAIN ENTRY--PERSONAL NAME |
| Personal name |
Антипов,И.Н. |
| 245 ## - TITLE STATEMENT |
| Title |
Программирование |
| 245 ## - TITLE STATEMENT |
| Statement of responsibility, etc. |
Ред. Уманский Г.С. |
| 260 ## - PUBLICATION, DISTRIBUTION, ETC. |
| Place of publication, distribution, etc. |
Москва |
| 260 ## - PUBLICATION, DISTRIBUTION, ETC. |
| Name of publisher, distributor, etc. |
Просвещение |
| 260 ## - PUBLICATION, DISTRIBUTION, ETC. |
| Date of publication, distribution, etc. |
1976 |
| 300 ## - PHYSICAL DESCRIPTION |
| Extent |
174стр. 22см. |
| 653 ## - INDEX TERM--UNCONTROLLED |
| Uncontrolled term |
Программирование |
| 942 ## - ADDED ENTRY ELEMENTS (KOHA) |
| Koha item type |
წიგნი |